00209 a2200109 4500001000700000020000600007040001100013100002900024240002100053245001600074362000900090164715 a  cMagnum aCarvajal, Frei Gaspar de10aAs amazonaslpor10aAs amazonas0 a1899